000 00628nam a22002057a 4500
999 _c3279
_d3279
003 OSt
005 20231110112037.0
008 231110b ||||| |||| 00| 0 eng d
020 _a9789670315850
040 _cKH8
082 _a400 SUR
100 _aSuriani Zulkifli,
_eauthor.
245 _aAmin disahkan Disleksia /
_cSuriani Zulkifli
260 _aSelangor ;
_bZufad Enterprise,
_c2019.
300 _a24 pages :
_bcolor illustrations ;
_c19 cm x 26 cm.
440 _aMari pelajari tentang orang kurang upaya
650 _aStory book
_vMalay language
830 _aMari pelajari tentang orang kurang upaya
942 _2ddc
_cTR